Κατάλογος Βιβλιοθηκών Mediterranean College

Effective Project Management / Traditional, Agile, Extreme: Seventh Edition (Record no. 3173)

MARC details
000 -LEADER
fixed length control field 01581cam a22002054a 4500
005 - ΗΜΕΡΟΜΗΝΙΑ ΚΑΙ ΩΡΑ ΤΕΛΕΥΤΑΙΑΣ ΕΝΗΜΕΡΩΣΗΣ
Πεδίο ελέγχου 20250605164107.0
008 - FIXED-LENGTH DATA ELEMENTS--GENERAL INFORMATION
Πεδίο ελέγχου σταθερού μήκους 250528s ||||||||||||||||||||||||d
035 ## - SYSTEM CONTROL NUMBER
System control number 17773
020 ## - ISBN
ISBN 9781118729168
040 ## - ΠΗΓΗ ΚΑΤΑΛΟΓΟΓΡΑΦΗΣΗΣ
Φορέας πρωτότυπης καταλογογράφησης MC Athens Campus Library
Γλώσσα καταλογογράφησης Ελληνικά, Μοντέρνα (1453-)
Modifying agency MC Athens Campus Library
Κανόνες περιγραφικής καταλογογράφησης AACR2
245 1# - ΤΙΤΛΟΣ ΚΑΙ ΔΗΛΩΣΗ ΥΠΕΥΘΥΝΟΤΗΤΑΣ
Τίτλος Effective Project Management / Traditional, Agile, Extreme: Seventh Edition
250 ## - EDITION STATEMENT
Edition statement 7th
260 ## - PUBLICATION, DISTRIBUTION, ETC.
Name of publisher, distributor, etc. Wiley,
Date of publication, distribution, etc. 2014
300 ## - PHYSICAL DESCRIPTION
Extent 726
520 ## - SUMMARY, ETC.
Summary, etc. This book addresses some fundamental changes in the nature of a project. Preface, Introduction, Understanding the Project Management Landscape, What is a Project?, What is a Project Management?, What are the Project Management Process Groups?, Traditional Project Management, How to Scope a TPM Project, How to Close Plan a TPM Project, How to Launch a TPM Project, How to Monitor and Control a TPM Project, How to Close a TPM Project, Complex Project Management, Complexity and Uncertainty in the Project Management Landscape, Agile Project Management, Extreme Project Management, Comparing Linear and Incremental and Iterative and Adaptive and Extreme PMLC Models, Managing the Realities of Projects, Prevention and Intervention Strategies for Distressed Projects, Organizing Multiple Team Projects, Establishing and Maturing a Project Support Office, Establishing and Managing a Continuous Process Improvement Program, End-State: Maturing to an Enterprise-Level Project Management Model, Establishing a Project Portfolio Management Process, Appendices, Index.
700 1# - ΠΡΟΣΘΕΤΗ ΑΝΑΓΡΑΦΗ--ΦΥΣΙΚΟ ΠΡΟΣΩΠΟ
Personal name Wysocki Robert K
9 (RLIN) 4008
942 ## - ADDED ENTRY ELEMENTS (KOHA)
Koha item type Books
Holdings
Τύπος τεκμηρίου Βιβλιοθήκη Τρέχουσα τοποθεσία Barcode Αριθμός εισαγωγής Ημερομηνία απόκτησης Ταξιθετικό σύμβολο Αριθμός αντιτύπου Κατάσταση απόσυρσης Κατάσταση χαμένου Κατάσταση κατεστραμμένου Μη δανεισμός Σύνολο δανεισμών Ημερομηνία τελευταίας εμφάνισης Η τιμή ισχύει από
Books MC Athens Campus Library MC Athens Campus Library 9780000031723 7151 05/06/2025 658.404 WYS 1           05/06/2025 05/06/2025

MC Athens Campus Library
Πατησίων 94 & Κοδριγκτώνος 13, 104 34
Πελλήνης 8 & Πατησίων 107, 112 51
Τ: +30 210 8899600

MC Thessaloniki Campus Library
Ίωνος Δραγούμη 21, 54625 | Ίωνος Δραγούμη 15, 54625
Τ: +30 2310 287779 – Τ: +30 2314 440300